Flags of Asia Quiz (Hard) - Statistics

General Stats
  • This quiz has been taken 117 times
  • The average score is 19 of 22
Answer Stats
Picture Answer % Correct
Kazakhstan
94%
Cambodia
93%
Myanmar
92%
Jordan
91%
Oman
91%
Syria
91%
United Arab Emirates
91%
Iraq
90%
Turkmenistan
90%
Bahrain
89%
Brunei
89%
Kyrgyzstan
89%
Armenia
88%
Azerbaijan
88%
Uzbekistan
88%
Yemen
88%
Laos
86%
Mongolia
85%
Kuwait
84%
Maldives
83%
Tajikistan
83%
East Timor
79%
No matching quizzes found
Score Distribution
Percent of People with Each Score
Percentile by Number Answered
Your Score History
You have not taken this quiz